[Event "2024 National Elementary (K-6) Championship"]
[Site "Columbus, Ohio, United States"]
[Date "2024.04.27"]
[Round "3.13"]
[White "Jha, Keya"]
[Black "Hanke, Harvey"]
[Result "0-1"]
[TimeControl "G/90; d10"]
[WhiteFideId "39928560"]
[BlackFideId "30999200"]
[WhiteElo "1713"]
[BlackElo "2016"]

1. e4 {[%clk 01:30:00]} {[%emt 00:00:25]} e5 {[%clk 01:30:00]} 2. Nf3 {[%clk
01:30:00]} {[%emt 00:00:09]} Nc6 {[%clk 01:30:00]} 3. Bc4 {[%clk 01:30:00]} Bc5
{[%clk 01:30:00]} {[%emt 00:00:11]} 4. d3 {[%clk 01:30:00]} Nf6 {[%clk
01:30:00]} {[%emt 00:00:03]} 5. Nc3 {[%clk 01:30:00]} {[%emt 00:00:05]} d6
{[%clk 01:29:57]} {[%emt 00:00:12]} 6. Bg5 {[%clk 01:30:00]} {[%emt 00:00:25]}
h6 {[%clk 01:29:57]} 7. Be3 {[%clk 01:30:00]} Bb6 {[%clk 01:29:28]} {[%emt
00:00:31]} 8. Qd2 {[%clk 01:29:42]} {[%emt 00:00:30]} Be6 {[%clk 01:26:13]}
{[%emt 00:03:24]} 9. Nd5 {[%clk 01:29:02]} {[%emt 00:00:48]} Bxd5 {[%clk
01:20:21]} {[%emt 00:06:05]} 10. Bxd5 {[%clk 01:28:30]} {[%emt 00:00:38]} Nxd5
{[%clk 01:19:36]} {[%emt 00:00:56]} 11. exd5 {[%clk 01:28:30]} {[%emt
00:00:12]} Ne7 {[%clk 01:19:13]} {[%emt 00:00:29]} 12. Bxb6 {[%clk 01:28:12]}
{[%emt 00:00:34]} axb6 {[%clk 01:17:45]} {[%emt 00:01:35]} 13. c4 {[%clk
01:28:12]} {[%emt 00:00:07]} Qd7 {[%clk 01:15:37]} {[%emt 00:02:15]} 14. O-O
{[%clk 01:28:01]} {[%emt 00:00:20]} O-O {[%clk 01:09:55]} {[%emt 00:06:00]} 15.
Qe2 {[%clk 01:27:04]} {[%emt 00:00:58]} Ng6 {[%clk 01:09:31]} {[%emt 00:00:36]}
16. Nd2 {[%clk 01:24:01]} {[%emt 00:03:11]} f5 {[%clk 01:03:33]} {[%emt
00:06:13]} 17. f3 {[%clk 01:23:02]} {[%emt 00:01:06]} Qf7 {[%clk 01:02:55]}
{[%emt 00:00:51]} 18. g3 {[%clk 01:22:24]} {[%emt 00:01:13]} Rae8 {[%clk
00:58:42]} {[%emt 00:03:56]} 19. Rae1 {[%clk 01:21:32]} {[%emt 00:01:00]} Qf6
{[%clk 00:53:16]} {[%emt 00:05:37]} 20. b3 {[%clk 01:20:44]} {[%emt 00:01:01]}
Qg5 {[%clk 00:52:19]} {[%emt 00:01:04]} 21. Kh1 {[%clk 01:20:26]} {[%emt
00:00:27]} h5 {[%clk 00:47:15]} {[%emt 00:05:18]} 22. Qg2 {[%clk 01:19:10]}
{[%emt 00:01:21]} Kf7 {[%clk 00:34:49]} {[%emt 00:12:37]} 23. g4 {[%clk
01:14:13]} {[%emt 00:05:10]} Nf4 {[%clk 00:33:25]} {[%emt 00:01:32]} 24. Qg3
{[%clk 01:13:20]} {[%emt 00:01:01]} Nxd3 {[%clk 00:30:58]} {[%emt 00:02:38]} 25.
Re2 {[%clk 01:13:18]} {[%emt 00:00:16]} Nf4 {[%clk 00:29:32]} {[%emt 00:01:31]}
26. Ree1 {[%clk 01:12:57]} {[%emt 00:00:42]} hxg4 {[%clk 00:23:30]} {[%emt
00:06:12]} 27. fxg4 {[%clk 01:12:18]} {[%emt 00:00:59]} Rh8 {[%clk 00:22:40]}
{[%emt 00:00:41]} 28. Nf3 {[%clk 01:11:35]} {[%emt 00:00:55]} Qxg4 {[%clk
00:22:13]} {[%emt 00:01:00]} 29. Ng5+ {[%clk 01:11:10]} {[%emt 00:00:07]} Kf6
{[%clk 00:08:47]} {[%emt 00:14:13]} 30. Ne4+ {[%clk 01:11:02]} {[%emt
00:00:03]} Ke7 {[%clk 00:07:11]} {[%emt 00:01:27]} 31. Qxg4 {[%clk 01:10:44]}
{[%emt 00:00:38]} fxg4 {[%clk 00:07:11]} 32. Re3 {[%clk 01:09:53]} {[%emt
00:00:51]} Rh4 {[%clk 00:06:52]} {[%emt 00:00:29]} 33. Rf2 {[%clk 01:09:31]}
{[%emt 00:00:39]} Reh8 {[%clk 00:06:46]} {[%emt 00:00:18]} 34. Ng5 {[%clk
01:09:13]} {[%emt 00:00:19]} Kd7 {[%emt 00:00:24]} 35. Ne4 {[%clk 01:08:23]}
{[%emt 00:00:59]} Rh3 {[%clk 00:05:54]} {[%emt 00:00:49]} 36. Rg3 {[%clk
01:07:15]} {[%emt 00:01:17]} Rxg3 {[%clk 00:05:53]} {[%emt 00:00:14]} 37. Nxg3
{[%clk 01:07:15]} {[%emt 00:00:08]} c6 {[%clk 00:05:42]} {[%emt 00:00:17]} 38.
dxc6+ {[%clk 01:06:53]} {[%emt 00:00:34]} bxc6 {[%clk 00:05:42]} {[%emt
00:00:21]} 39. Rd2 {[%clk 01:06:43]} {[%emt 00:00:06]} d5 {[%clk 00:05:21]}
{[%emt 00:00:28]} 40. Nf5 {[%clk 01:06:36]} {[%emt 00:00:15]} Ke6 {[%clk
00:05:02]} {[%emt 00:00:30]} 41. Ne3 {[%clk 01:06:28]} {[%emt 00:00:18]} Rh4
{[%clk 00:05:02]} {[%emt 00:00:37]} 42. Kg1 {[%clk 01:05:57]} {[%emt 00:00:10]}
d4 {[%clk 00:04:56]} {[%emt 00:00:38]} 43. Nf1 {[%clk 01:05:50]} {[%emt
00:00:04]} e4 {[%clk 00:04:31]} {[%emt 00:00:26]} 44. Rxd4 {[%clk 01:05:50]}
{[%emt 00:00:12]} Ne2+ {[%clk 00:04:31]} {[%emt 00:00:04]} 45. Kf2 {[%clk
01:05:50]} {[%emt 00:00:06]} Nxd4 {[%clk 00:04:31]} {[%emt 00:00:03]} 0-1

[Event "2024 National Elementary (K-6) Championship"]
[Site "Columbus, Ohio, United States"]
[Date "2024.04.27"]
[Round "3.14"]
[White "Nemiroff, Samuel"]
[Black "Srinivasan, Sivavishnu"]
[Result "1/2-1/2"]
[TimeControl "G/90; d10"]
[WhiteFideId "30981204"]
[BlackFideId "39902242"]
[WhiteElo "1763"]
[BlackElo "2047"]

1. d4 {[%clk 01:30:00]} {[%emt 00:00:42]} Nf6 {[%clk 01:19:00]} {[%emt
00:10:41]} 2. c4 {[%clk 01:29:59]} {[%emt 00:00:09]} e6 {[%clk 01:19:00]}
{[%emt 00:00:22]} 3. Nc3 {[%clk 01:29:59]} Bb4 {[%clk 01:18:59]} {[%emt
00:00:10]} 4. Bd2 {[%clk 01:29:53]} {[%emt 00:00:17]} O-O {[%clk 01:18:28]}
{[%emt 00:00:37]} 5. Nf3 {[%clk 01:29:34]} {[%emt 00:00:27]} b6 {[%clk
01:18:28]} {[%emt 00:00:28]} 6. g3 {[%clk 01:29:18]} {[%emt 00:00:12]} Bb7
{[%clk 01:17:53]} {[%emt 00:00:48]} 7. Bg2 {[%clk 01:29:18]} d6 {[%clk
01:17:06]} {[%emt 00:01:02]} 8. O-O {[%clk 01:29:18]} c5 {[%clk 01:14:39]}
{[%emt 00:02:35]} 9. e3 {[%clk 01:28:00]} {[%emt 00:01:29]} Nc6 {[%clk
01:12:05]} {[%emt 00:02:44]} 10. a3 {[%clk 01:27:21]} {[%emt 00:00:52]} Bxc3
{[%clk 01:11:31]} {[%emt 00:00:44]} 11. Bxc3 {[%clk 01:27:21]} {[%emt
00:00:24]} Ne4 {[%clk 01:10:50]} {[%emt 00:00:31]} 12. Qc2 {[%clk 01:27:04]}
{[%emt 00:00:27]} f5 {[%clk 01:10:24]} {[%emt 00:00:40]} 13. Rfd1 {[%clk
01:26:17]} {[%emt 00:01:26]} Qc7 {[%clk 01:09:15]} {[%emt 00:00:47]} 14. b3
{[%clk 01:22:54]} {[%emt 00:03:33]} a5 {[%clk 01:05:57]} {[%emt 00:03:31]} 15.
a4 {[%clk 01:20:38]} {[%emt 00:02:22]} Rac8 {[%clk 01:03:51]} {[%emt 00:02:19]}
16. Nd2 {[%clk 01:20:13]} {[%emt 00:00:31]} Nxc3 {[%clk 01:02:50]} {[%emt
00:01:13]} 17. Qxc3 {[%clk 01:20:00]} {[%emt 00:00:39]} cxd4 {[%clk 01:01:02]}
{[%emt 00:01:45]} 18. exd4 {[%clk 01:19:55]} {[%emt 00:00:10]} Nb4 {[%clk
00:59:40]} {[%emt 00:01:37]} 19. Bxb7 {[%clk 01:18:01]} {[%emt 00:02:44]} Qxb7
{[%clk 00:59:40]} 20. Nb1 {[%clk 01:17:15]} {[%emt 00:00:14]} f4 {[%clk
00:58:13]} {[%emt 00:01:36]} 21. Nd2 {[%clk 01:16:17]} {[%emt 00:01:06]} f3
{[%clk 00:56:49]} {[%emt 00:01:36]} 22. Nf1 {[%clk 01:15:17]} {[%emt 00:01:05]}
Qf7 {[%clk 00:56:20]} {[%emt 00:00:45]} 23. Qd2 {[%clk 01:14:42]} {[%emt
00:00:37]} Qh5 {[%clk 00:55:54]} {[%emt 00:00:44]} 24. Ne3 {[%clk 01:14:10]}
{[%emt 00:00:42]} Rf6 {[%clk 00:55:49]} {[%emt 00:00:31]} 25. h4 {[%clk
01:11:38]} {[%emt 00:02:27]} Rh6 {[%clk 00:44:15]} {[%emt 00:11:42]} 26. Nf1
{[%clk 01:10:44]} {[%emt 00:00:59]} Qf5 {[%clk 00:38:41]} {[%emt 00:05:51]} 27.
Nh2 {[%clk 01:09:39]} {[%emt 00:01:12]} Rf8 {[%clk 00:37:01]} {[%emt 00:01:53]}
28. Kh1 {[%clk 01:08:57]} {[%emt 00:00:50]} Rh5 {[%clk 00:24:20]} {[%emt
00:13:04]} 29. Rg1 {[%clk 01:06:52]} {[%emt 00:01:58]} Qf6 {[%clk 00:23:45]}
{[%emt 00:01:03]} 30. Rae1 {[%clk 01:03:55]} {[%emt 00:02:52]} Nc6 {[%clk
00:21:57]} {[%emt 00:02:03]} 31. Re4 {[%clk 01:02:50]} {[%emt 00:00:58]} e5
{[%clk 00:21:00]} {[%emt 00:01:21]} 32. dxe5 {[%clk 01:02:12]} {[%emt
00:00:52]} dxe5 {[%emt 00:00:34]} 33. Qd5+ {[%clk 01:01:56]} {[%emt 00:00:10]}
Kh8 {[%clk 00:20:09]} {[%emt 00:00:50]} 34. Ng4 {[%clk 01:01:19]} {[%emt
00:00:39]} Qg6 {[%clk 00:20:06]} {[%emt 00:00:20]} 35. Nxe5 {[%clk 01:00:43]}
{[%emt 00:00:44]} Nxe5 {[%clk 00:20:06]} {[%emt 00:00:37]} 36. Rxe5 {[%clk
01:00:40]} {[%emt 00:00:03]} Rxe5 {[%clk 00:20:06]} 37. Qxe5 {[%clk 01:00:33]}
{[%emt 00:00:03]} Qg4 {[%clk 00:20:06]} {[%emt 00:00:03]} 38. Kh2 {[%clk
01:00:15]} {[%emt 00:00:19]} 1/2-1/2

[Event "2024 National Elementary (K-6) Championship"]
[Site "Columbus, Ohio, United States"]
[Date "2024.04.27"]
[Round "3.15"]
[White "Goodrich, Elliott"]
[Black "Goto, Kenji"]
[Result "1-0"]
[TimeControl "G/90; d10"]
[WhiteFideId "39902064"]
[WhiteElo "2014"]
[BlackElo "1745"]

1. e4 {[%clk 01:30:00]} {[%emt 00:00:16]} e5 {[%clk 01:30:00]} 2. Nf3 {[%clk
01:29:56]} {[%emt 00:00:02]} Nc6 {[%clk 01:30:00]} 3. Bc4 {[%clk 01:29:56]} Bc5
{[%clk 01:30:00]} {[%emt 00:00:05]} 4. c3 {[%clk 01:29:56]} Nf6 {[%clk
01:30:00]} {[%emt 00:00:03]} 5. d4 {[%clk 01:29:56]} {[%emt 00:00:04]} exd4
{[%clk 01:30:00]} {[%emt 00:00:03]} 6. e5 {[%clk 01:29:56]} {[%emt 00:00:03]}
d5 {[%clk 01:30:00]} {[%emt 00:00:08]} 7. Bb5 {[%clk 01:29:56]} {[%emt
00:00:10]} Ne4 {[%clk 01:30:00]} 8. cxd4 {[%clk 01:29:56]} Bb6 {[%clk
01:30:00]} {[%emt 00:00:09]} 9. Nc3 {[%clk 01:29:56]} Bg4 {[%clk 01:30:00]}
{[%emt 00:00:11]} 10. Be3 {[%clk 01:29:56]} O-O {[%clk 01:30:00]} {[%emt
00:00:12]} 11. h3 {[%clk 01:29:50]} {[%emt 00:00:04]} Bh5 {[%clk 01:30:00]}
{[%emt 00:00:04]} 12. Qc2 {[%clk 01:29:50]} {[%emt 00:00:16]} Bg6 {[%clk
01:30:00]} 13. Qb3 {[%clk 01:29:50]} {[%emt 00:00:04]} Ne7 {[%clk 01:30:00]}
{[%emt 00:00:07]} 14. O-O {[%clk 01:29:50]} {[%emt 00:00:10]} c6 {[%clk
01:30:00]} 15. Bd3 {[%clk 01:29:50]} {[%emt 00:00:15]} Nd2 {[%clk 01:30:00]}
{[%emt 00:00:03]} 16. Nxd2 {[%clk 01:29:50]} Bxd3 {[%clk 01:30:00]} {[%emt
00:00:13]} 17. Rfd1 {[%clk 01:29:42]} {[%emt 00:00:05]} Bg6 {[%clk 01:30:00]}
{[%emt 00:00:16]} 18. Na4 {[%clk 01:28:41]} {[%emt 00:01:04]} Nf5 {[%clk
01:29:56]} {[%emt 00:00:23]} 19. Rac1 {[%clk 01:27:59]} {[%emt 00:00:42]} Rb8
{[%clk 01:28:58]} {[%emt 00:01:23]} 20. Nf3 {[%clk 01:26:06]} {[%emt 00:01:57]}
Nxe3 {[%clk 01:28:25]} {[%emt 00:00:37]} 21. Qxe3 {[%clk 01:25:06]} {[%emt
00:01:11]} Re8 {[%clk 01:27:50]} {[%emt 00:00:45]} 22. Qb3 {[%clk 01:23:09]}
{[%emt 00:02:12]} Re6 {[%clk 01:27:08]} {[%emt 00:01:07]} 23. Nxb6 {[%clk
01:21:33]} {[%emt 00:01:25]} Qxb6 {[%clk 01:26:56]} {[%emt 00:00:39]} 24. Qc3
{[%clk 01:20:58]} {[%emt 00:00:41]} h6 {[%clk 01:26:36]} {[%emt 00:00:16]} 25.
Re1 {[%clk 01:19:57]} {[%emt 00:01:10]} Rbe8 {[%clk 01:26:22]} {[%emt
00:00:24]} 26. Kh1 {[%clk 01:16:27]} {[%emt 00:03:41]} Qd8 {[%clk 01:26:13]}
{[%emt 00:00:39]} 27. Nd2 {[%clk 01:14:46]} {[%emt 00:01:29]} f6 {[%clk
01:26:02]} {[%emt 00:00:22]} 28. Qg3 {[%clk 01:09:17]} {[%emt 00:05:42]} Bf7
{[%clk 01:24:55]} {[%emt 00:01:38]} 29. f4 {[%clk 01:08:24]} {[%emt 00:00:39]}
f5 {[%clk 01:24:42]} {[%emt 00:00:30]} 30. Qd3 {[%clk 01:06:58]} {[%emt
00:01:38]} g6 {[%clk 01:24:38]} {[%emt 00:00:06]} 31. Kh2 {[%clk 01:05:05]}
{[%emt 00:02:02]} R6e7 {[%clk 01:24:35]} {[%emt 00:00:14]} 32. Rg1 {[%clk
01:03:14]} {[%emt 00:02:03]} Be6 {[%clk 01:24:35]} {[%emt 00:00:09]} 33. Nb3
{[%clk 01:02:03]} {[%emt 00:01:20]} Kh7 {[%clk 01:24:18]} {[%emt 00:00:26]} 34.
Nc5 {[%clk 00:59:39]} {[%emt 00:02:34]} Rg8 {[%clk 01:23:21]} {[%emt 00:01:06]}
35. g4 {[%clk 00:55:28]} {[%emt 00:04:26]} Qf8 {[%clk 01:22:19]} {[%emt
00:01:13]} 36. Rcf1 {[%clk 00:53:55]} {[%emt 00:01:38]} Qf7 {[%clk 01:21:50]}
{[%emt 00:00:40]} 37. Rg3 {[%clk 00:52:11]} {[%emt 00:01:54]} b6 {[%clk
01:14:29]} {[%emt 00:07:31]} 38. Nxe6 {[%clk 00:46:21]} {[%emt 00:06:01]} Rxe6
{[%clk 01:14:21]} {[%emt 00:00:16]} 39. gxf5 {[%clk 00:46:02]} {[%emt
00:00:30]} Qxf5 {[%clk 01:12:13]} {[%emt 00:02:16]} 40. Qxf5 {[%clk 00:45:35]}
{[%emt 00:00:43]} gxf5 {[%clk 01:12:03]} {[%emt 00:00:15]} 41. Rxg8 {[%clk
00:44:53]} {[%emt 00:00:52]} Kxg8 {[%clk 01:12:03]} {[%emt 00:00:49]} 42. b4
{[%clk 00:44:47]} Rg6 {[%clk 01:10:14]} {[%emt 00:01:47]} 43. Rc1 {[%clk
00:44:43]} {[%emt 00:00:05]} b5 {[%clk 01:10:06]} {[%emt 00:00:17]} 44. Rc3
{[%clk 00:44:43]} {[%emt 00:00:06]} h5 {[%clk 01:09:34]} {[%emt 00:00:44]} 45.
Ra3 {[%clk 00:44:40]} {[%emt 00:00:40]} Rg7 {[%clk 01:09:34]} {[%emt 00:00:04]}
46. Ra6 {[%clk 00:44:40]} Rc7 {[%clk 01:09:34]} 47. Kg3 {[%clk 00:44:40]} Kf7
{[%clk 01:09:28]} {[%emt 00:00:10]} 48. Kh4 {[%clk 00:44:40]} {[%emt 00:00:26]}
Kg6 {[%clk 01:09:11]} {[%emt 00:00:12]} 49. Ra3 {[%clk 00:44:40]} {[%emt
00:00:11]} Rb7 {[%clk 01:03:15]} {[%emt 00:06:01]} 50. Rg3+ {[%clk 00:44:40]}
{[%emt 00:00:11]} Kf7 {[%clk 01:03:04]} {[%emt 00:00:12]} 51. Rg5 {[%clk
00:44:34]} {[%emt 00:00:16]} Rb6 {[%clk 01:03:04]} {[%emt 00:00:15]} 52. Rxf5+
{[%clk 00:44:22]} {[%emt 00:00:14]} Ke7 {[%clk 01:03:04]} {[%emt 00:00:21]} 53.
Rxh5 {[%clk 00:44:16]} {[%emt 00:00:04]} Ra6 {[%clk 01:02:41]} {[%emt
00:00:31]} 54. Rh7+ {[%clk 00:44:16]} {[%emt 00:00:22]} Ke8 {[%clk 01:02:25]}
{[%emt 00:00:10]} 55. Kg5 {[%clk 00:44:16]} {[%emt 00:00:07]} 1-0

[Event "2024 National Elementary (K-6) Championship"]
[Site "Columbus, Ohio, United States"]
[Date "2024.04.27"]
[Round "3.16"]
[White "Liu, Boaz"]
[Black "Mulay, Vivan Prakash"]
[Result "0-1"]
[TimeControl "G/90; d10"]
[WhiteFideId "39933601"]
[BlackFideId "39914984"]
[WhiteElo "1697"]
[BlackElo "1978"]

1. e4 {[%clk 01:18:21]} {[%emt 00:11:46]} c5 {[%clk 01:29:29]} {[%emt
00:00:46]} 2. b3 {[%emt 00:00:46]} Nc6 {[%clk 01:27:28]} {[%emt 00:01:29]} 3.
Bb2 {[%clk 01:16:26]} {[%emt 00:02:03]} d6 {[%clk 01:24:44]} {[%emt 00:02:54]}
4. Nc3 {[%clk 01:15:42]} {[%emt 00:01:04]} Nf6 {[%clk 01:24:44]} 5. f4 {[%clk
01:14:55]} {[%emt 00:00:51]} e6 {[%clk 01:23:42]} {[%emt 00:01:15]} 6. Bb5
{[%clk 01:14:36]} {[%emt 00:00:26]} Bd7 {[%clk 01:23:30]} {[%emt 00:00:20]} 7.
Nf3 {[%clk 01:13:49]} {[%emt 00:00:58]} a6 {[%clk 01:23:30]} {[%emt 00:00:15]}
8. Bxc6 {[%clk 01:13:16]} {[%emt 00:00:59]} Bxc6 {[%clk 01:23:30]} {[%emt
00:00:03]} 9. d3 {[%clk 01:13:02]} {[%emt 00:00:04]} Be7 {[%clk 01:23:30]}
{[%emt 00:00:04]} 10. O-O {[%clk 01:12:51]} {[%emt 00:00:18]} O-O {[%clk
01:23:30]} {[%emt 00:00:39]} 11. Qe2 {[%clk 01:11:45]} {[%emt 00:00:48]} Qc7
{[%clk 01:21:53]} {[%emt 00:01:46]} 12. Rae1 {[%clk 01:03:50]} {[%emt
00:08:06]} b5 {[%clk 01:17:28]} {[%emt 00:04:35]} 13. Qf2 {[%clk 00:58:15]}
{[%emt 00:05:45]} b4 {[%clk 00:56:53]} {[%emt 00:20:48]} 14. Nb1 {[%clk
00:57:00]} {[%emt 00:01:28]} a5 {[%clk 00:55:33]} {[%emt 00:01:28]} 15. Nbd2
{[%clk 00:55:29]} {[%emt 00:01:38]} a4 {[%clk 00:55:01]} {[%emt 00:00:42]} 16.
e5 {[%clk 00:47:51]} {[%emt 00:07:47]} dxe5 {[%clk 00:48:49]} {[%emt 00:06:24]}
17. Nxe5 {[%clk 00:45:01]} {[%emt 00:02:58]} axb3 {[%clk 00:48:27]} {[%emt
00:00:39]} 18. axb3 {[%clk 00:44:36]} {[%emt 00:00:27]} Ra2 {[%clk 00:48:17]}
{[%emt 00:00:20]} 19. Ndc4 {[%clk 00:43:21]} {[%emt 00:01:25]} Rfa8 {[%clk
00:46:51]} {[%emt 00:01:36]} 20. Qe2 {[%clk 00:39:27]} {[%emt 00:04:07]} Bd5
{[%clk 00:37:32]} {[%emt 00:09:26]} 21. g4 {[%clk 00:32:19]} {[%emt 00:07:17]}
Qd8 {[%clk 00:30:39]} {[%emt 00:07:06]} 22. g5 {[%clk 00:23:02]} {[%emt
00:09:25]} Ne8 {[%clk 00:29:46]} {[%emt 00:01:02]} 23. Qg4 {[%clk 00:15:08]}
{[%emt 00:08:07]} Nd6 {[%clk 00:26:56]} {[%emt 00:03:03]} 24. Rb1 {[%clk
00:03:24]} {[%emt 00:11:49]} Nxc4 {[%clk 00:08:50]} {[%emt 00:18:17]} 25. Nxc4
{[%clk 00:03:03]} {[%emt 00:00:29]} Bxc4 {[%clk 00:08:42]} {[%emt 00:00:21]} 26.
dxc4 {[%clk 00:03:03]} {[%emt 00:00:16]} Rxb2 {[%clk 00:08:41]} {[%emt
00:00:07]} 27. Rxb2 {[%clk 00:03:00]} {[%emt 00:00:06]} Qd4+ {[%clk 00:08:41]}
{[%emt 00:00:24]} 28. Rf2 {[%clk 00:02:23]} {[%emt 00:00:26]} Ra1+ {[%clk
00:08:18]} {[%emt 00:00:33]} 29. Kg2 {[%clk 00:02:23]} {[%emt 00:00:04]} Qxb2
{[%clk 00:08:18]} {[%emt 00:00:08]} 30. f5 {[%clk 00:01:50]} {[%emt 00:00:40]}
Qc1 {[%clk 00:08:18]} {[%emt 00:00:09]} 31. Kf3 {[%clk 00:01:06]} {[%emt
00:00:53]} Qh1+ {[%clk 00:07:14]} {[%emt 00:01:12]} 32. Ke3 {[%clk 00:00:19]}
{[%emt 00:00:58]} Qc1+ {[%clk 00:07:07]} {[%emt 00:00:17]} 33. Kd3 {[%clk
00:00:16]} {[%emt 00:00:15]} Qd1+ {[%clk 00:06:54]} {[%emt 00:00:23]} 34. Qxd1
{[%clk 00:00:12]} {[%emt 00:00:12]} Rxd1+ {[%clk 00:06:54]} {[%emt 00:00:13]}
35. Ke2 {[%clk 00:00:12]} {[%emt 00:00:03]} Rc1 {[%clk 00:06:54]} {[%emt
00:00:04]} 36. Kd3 {[%clk 00:00:08]} {[%emt 00:00:09]} Bxg5 {[%clk 00:06:52]}
{[%emt 00:00:11]} 37. fxe6 {[%clk 00:00:08]} {[%emt 00:00:10]} fxe6 {[%clk
00:06:52]} {[%emt 00:00:10]} 38. Re2 {[%clk 00:00:08]} {[%emt 00:00:03]} Kf7
{[%clk 00:06:52]} {[%emt 00:00:06]} 39. Rf2+ {[%clk 00:00:08]} {[%emt
00:00:05]} Ke7 {[%clk 00:06:44]} {[%emt 00:00:16]} 40. Rg2 {[%clk 00:00:08]}
{[%emt 00:00:15]} Bf6 {[%clk 00:06:44]} {[%emt 00:00:03]} 41. Re2 {[%clk
00:00:08]} Rd1+ {[%clk 00:06:44]} {[%emt 00:00:13]} 42. Ke4 {[%clk 00:00:08]}
{[%emt 00:00:04]} Bc3 {[%clk 00:06:44]} {[%emt 00:02:35]} 43. Re3 {[%clk
00:00:03]} {[%emt 00:01:29]} Re1 {[%clk 00:06:44]} {[%emt 00:00:05]} 44. Rxe1
{[%emt 00:00:11]} Bxe1 {[%clk 00:06:44]} 45. h3 {[%clk 00:00:03]} Kf6 {[%clk
00:06:44]} {[%emt 00:00:04]} 46. Kf4 {[%clk 00:00:03]} {[%emt 00:00:03]} Bc3
{[%clk 00:06:44]} {[%emt 00:00:03]} 47. h4 {[%clk 00:00:03]} {[%emt 00:00:04]}
h5 {[%clk 00:06:44]} {[%emt 00:00:03]} 48. Kg3 {[%clk 00:00:03]} {[%emt
00:00:07]} Kf5 {[%clk 00:06:44]} {[%emt 00:00:03]} 49. Kh3 {[%clk 00:00:03]}
Kf4 {[%clk 00:06:44]} 50. Kg2 {[%clk 00:00:03]} Ke3 {[%clk 00:06:44]} {[%emt
00:00:04]} 51. Kg3 {[%clk 00:00:03]} Kd2 {[%clk 00:06:44]} {[%emt 00:00:07]} 52.
Kf4 {[%emt 00:00:03]} Bf6 {[%clk 00:06:44]} 53. Ke4 {[%clk 00:00:03]} {[%emt
00:00:05]} Kxc2 {[%clk 00:06:44]} {[%emt 00:00:08]} 54. Kf3 {[%clk 00:00:03]}
{[%emt 00:00:03]} Kxb3 {[%clk 00:06:44]} 55. Ke3 {[%clk 00:00:03]} Kxc4 {[%clk
00:06:44]} {[%emt 00:00:03]} 56. Kd2 {[%clk 00:00:03]} b3 {[%clk 00:06:44]} 57.
Kd1 {[%clk 00:00:03]} {[%emt 00:00:03]} Bxh4 {[%clk 00:06:44]} {[%emt
00:00:03]} 58. Kd2 {[%clk 00:00:03]} {[%emt 00:00:04]} Bg5+ {[%clk 00:06:44]}
{[%emt 00:00:03]} 59. Kd1 {[%clk 00:00:03]} Kc3 {[%clk 00:06:44]} {[%emt
00:00:07]} 60. Ke2 {[%clk 00:00:03]} {[%emt 00:00:03]} b2 {[%clk 00:06:44]} 61.
Kf3 {[%clk 00:00:03]} b1=Q {[%clk 00:06:44]} {[%emt 00:00:05]} 62. Kg2 {[%clk
00:00:03]} {[%emt 00:00:04]} Qe4+ {[%clk 00:06:44]} {[%emt 00:00:04]} 63. Kf1
{[%clk 00:00:03]} Qf3+ {[%clk 00:06:44]} {[%emt 00:00:04]} 64. Ke1 {[%clk
00:00:03]} 0-1